A short course in international marketing approaching and penetrating the global marketplace /

Bibliographic Details
Main Author: Curry, Jeffrey E., 1953-
Corporate Author: ProQuest (Firm)
Format: Electronic eBook
Language:English
Published: Petaluma, CA : World Trade Press, c2009.
Edition:3rd ed.
Series:Short course in international trade series.
Subjects:
Online Access:Click to View
LEADER 01522nam a2200397Ia 4500
001 EBC439417
003 MiAaPQ
005 20200520144314.0
006 m o d |
007 cr cn|||||||||
008 980331s2009 cau sb 000 0 eng d
020 |z 9781607800071 
020 |z 9781607800798 
035 |a (MiAaPQ)EBC439417 
035 |a (Au-PeEL)EBL439417 
035 |a (CaPaEBR)ebr10305920 
035 |a (OCoLC)437138967 
040 |a MiAaPQ  |c MiAaPQ  |d MiAaPQ 
050 4 |a HF1416  |b .C87 2009 
100 1 |a Curry, Jeffrey E.,  |d 1953- 
245 1 2 |a A short course in international marketing  |h [electronic resource] :  |b approaching and penetrating the global marketplace /  |c Jeffrey Edmund Curry. 
246 3 0 |a Approaching and penetrating the global marketplace 
246 3 0 |a International marketing 
250 |a 3rd ed. 
260 |a Petaluma, CA :  |b World Trade Press,  |c c2009. 
300 |a vii, 184 p. 
490 1 |a The Short course in international trade series 
504 |a Includes bibliographical references (p. 184). 
504 |a Includes web resources. 
533 |a Electronic reproduction. Ann Arbor, MI : ProQuest, 2015. Available via World Wide Web. Access may be limited to ProQuest affiliated libraries. 
650 0 |a Export marketing. 
650 0 |a Global business. 
655 4 |a Electronic books. 
710 2 |a ProQuest (Firm) 
830 0 |a Short course in international trade series. 
856 4 0 |u https://ebookcentral.proquest.com/lib/matrademy/detail.action?docID=439417  |z Click to View